000 00798cam a2200277 4500500
005 20260405003851.0
041 _afre
042 _adc
100 1 0 _aEltchaninoff, Michel
_eauthor
245 0 0 _aDécoloniser la steppe : reportage au Kirghizstan et au Kazakhstan
260 _c2024.
500 _a68
690 _aAsie
690 _aDécolonialisme
690 _aDictature
690 _aFéminisme
690 _aKazakhstan
690 _aMichel Eltchaninoff
690 _aNomadisme
690 _aPostcolonie
690 _aReportage
690 _aTraditions
690 _aURSS
786 0 _nPhilosophie magazine | 182 | 9 | 2024-09-01 | p. 53-54 | 1951-1787
856 4 1 _uhttps://shs.cairn.info/magazine-philosophie-magazine-2024-9-page-53?lang=fr&redirect-ssocas=7080
999 _c2071614
_d2071614